000 00419nam a2200145Ia 4500
008 100122s9999 xx 000 0 und d
082 _b6733
_a823.08
100 _aजोशी रा भि
245 _aकाचेचे कवच
260 _bअभिनव प्रक ाशन
_c1949
300 _a124
630 _aकाचेचे कवच
730 _aकाचेचे कवच
942 _cBOOK
999 _c399683
_d399680